Su damlası Dünya' yı keşfediyor / (Record no. 21938)

MARC details
000 -BAŞLIK
Sabit Uzunluktaki Kontrol Alanı 00667nam a22002057a 4500
003 - KONTROL NUMARASI KİMLİĞİ
Kontrol Alanı koha_MIRAKIL
005 - EN SON İŞLEM TARİHİ ve ZAMANI
Kontrol Alanı 20250428090907.0
008 - SABİT UZUNLUKTAKİ VERİ ÖGELERİ - GENEL BİLGİ
Sabit Alan 250428b tur||||| |||| 00| 0 tur d
020 ## - ISBN - ULUSLARARASI STANDART KİTAP NUMARASI
Isbn 9786257266345
040 ## - KATALOGLAMA KAYNAĞI
Özgün Kataloglama Kurumu TR-IsEVY
Kataloglama Dili tur
Çeviri Kurumu TR-IsEVY
082 ## - DEWEY ONU SINIFLAMA SİSTEMİ
Sınıflama Numarası 551 TOP/S
100 ## - KİŞİ ADI
Yazar Adı (Kişi adı) Topçuoğlu, Merve
245 #0 - ESER ADI BİLDİRİMİ
Başlık Su damlası Dünya' yı keşfediyor /
Sorumluluk Bildirimi Merve Topçuoğlu ; resimleyen Sadiye Maden.
250 ## - BASIM BİLDİRİMİ
Basım Bildirimi 5. bs.
260 ## - YAYIN, DAĞITIM, VB.
Yayın Yeri İstanbul :
Yayınevi Sia Kitap,
Yayın Tarihi 2022.
300 ## - FİZİKSEL TANIMLAMA
Sayfa, Cilt vb. 40 s. :
Diğer fiziki detaylar renkli resimli ;
Boyutları 21 cm.
650 ## - KONU BAŞLIĞI EK GİRİŞ - KONU TERİMİ
Konusal terim veya coğrafi ad Doğa Olayları.
Alt başlık biçimi Su Kaynakları.
-- Su Döngüsü.
-- Küresel Sorunlar.
700 1# - EK GİRİŞ - KİŞİ ADI
Yazar Adı (Kişi adı) Maden, Sadiye.
Ünvan resimleyen.
942 ## - EK GİRİŞ ÖGELERİ (KOHA)
Source of classification or shelving scheme Dewey Decimal Classification
Koha item type Kitap
Holdings
Kayıp Durumu Sınıflandırma Kaynağı Hasarlı Durumu Koleksiyon Kodu Kalıcı Konum Mevcut Konum Kayıt Tarih Edinim Kaynağı Toplam Ödünçverme Yer Numarası Demirbaş Numarası Son Görülme Tarihi Son Kontrol Tarihi Fatura Tarihi Materyal Türü
  Dewey Decimal Classification   İlkokul İLKOKUL KÜTÜPHANESİ İLKOKUL KÜTÜPHANESİ 28/04/2025 Satınalma 1 551 TOP/S 23219 05/03/2026 12/02/2026 28/04/2025 Kitap